00331nam a2200121Ia 4500008004000000020001800040082001600058100005000074245002900124260003100153300001100184650001400195210210b2004 xxu||||| |||| 00| 0 eng d a81 7273 170 1 a322.42 SENT aSENGUPTA (Dipankar) and SINGH (Sudhir Kumar). aTerrorism in South Asia. aDelhibAuthors pressc2004 axi,329 aTerrorism